000 00565nam a2200181 a 4500
001 000035062
005 20200930074059.0
008 111024s1958 fr 000 0 spa d
040 _aDO-SdBNP
_bspa
_cBNPHU
100 1 _aLefebvre, Henri
_944705
245 1 0 _aCritique de la vie quotidienne /
_cHenri Lefebvre.
250 _a2a ed.
260 _aParis :
_bL´Arche,
_c1958.
300 _a268 p. ;
_c22 cm.
490 1 _aLe sens de la marche
590 _aPerteneció a la biblioteca personal de Juan Isidro Jimenes Grullón
830 0 _aLe sens de la marche
_960708
999 _c34553
_d34553